<?xml version="1.0" encoding="UTF-8"?>
<record
    xmlns:xsi="http://www.w3.org/2001/XMLSchema-instance"
    xsi:schemaLocation="http://www.loc.gov/MARC21/slim http://www.loc.gov/standards/marcxml/schema/MARC21slim.xsd"
    xmlns="http://www.loc.gov/MARC21/slim">

  <leader>03192cam a2200181 i 4500</leader>
  <controlfield tag="005">20260618122456.0</controlfield>
  <datafield tag="020" ind1=" " ind2=" ">
    <subfield code="a">9781032890135</subfield>
  </datafield>
  <datafield tag="082" ind1="0" ind2="0">
    <subfield code="a">327.510 54 SEN/C</subfield>
  </datafield>
  <datafield tag="245" ind1="0" ind2="0">
    <subfield code="a">China in India's neighbourhood :</subfield>
    <subfield code="b">shifting regional narratives /</subfield>
    <subfield code="c">Edited by Anita Sengupta and Priya Singh.</subfield>
  </datafield>
  <datafield tag="260" ind1=" " ind2=" ">
    <subfield code="a">. - London</subfield>
    <subfield code="b">: Routledge</subfield>
    <subfield code="c">, 2024</subfield>
  </datafield>
  <datafield tag="300" ind1=" " ind2=" ">
    <subfield code="a">1 online resource</subfield>
  </datafield>
  <datafield tag="504" ind1=" " ind2=" ">
    <subfield code="a">Includes bibliographical references and index.</subfield>
  </datafield>
  <datafield tag="505" ind1="0" ind2=" ">
    <subfield code="a">Introduction / Anita Sengupta -- China, India and the aporia of neighbourhood / Samir Kumar Das -- Bootlegging in South Asia's neighbourhood : Eastern Himalayas, disgruntled geographies, and 'Chinese goods' / Anup Shekhar Chakraborty -- Dance of the dragons : Bhutan-China relationship /  Jigme Yeshe Lama -- Comrades in arms? Decoding China's Taliban gamble / Raghav Sharma -- Connectivity, capital, and culture : China in Pakistan / Priya Singh -- China in Bangladesh : the evolving relationship / Sriparna Pathak -- The manifold aspects of Chinese presence in Iran /  Bahram Amirahmadian -- Prospects of continuity and change of China's role in central Asia : case studies of Kazakhstan and Kyrgyzstan /  Yunus Emre Gurbuz, Mehmet Yahya &#xC7;icrkli and Maksat Ajkan Uulu -- The ethnic dynamics in Myanmar China strategic interests : implications for the region / Soma Ghosal -- Security narratives of China's impingement in the Indian Ocean theatre / Anindya Jyoti Majumdar -- India China rivalry in Sri Lanka : a nexus of historical narratives and political economy /  Shiran Illanperuma and Sumanasiri Liyanage -- The impacts of Chinese economic policies on Myanmar / San San Khine -- The collapse of China's cooperation with Central and East Europe / Emilian Kavalski -- Conclusion /  Priya Singh.</subfield>
  </datafield>
  <datafield tag="520" ind1=" " ind2=" ">
    <subfield code="a">"This book explores the scope and extent of the growing Chinese influence in India's neighbourhood and its impact on India as well as on Asian power politics. Through theoretical narratives and detailed case studies, it examines Chinese bilateral relationships in the Indian neighbourhood and looks at the extent and significance of Chinese influence through the lens of strategic, economic and infrastructural arrangements and Chinese interventions in South, Southeast and Central Asia. The book takes into account regional voices and domestic political compulsions in understanding what they make of the Chinese narrative and examines how and whether the narrative has changed in recent years through the Belt and Road Initiative (BRI) as an instrument of Chinese public diplomacy. The volume also discusses how domestic narratives and compulsions in the Indian neighbourhood remain significant and how these, in turn, would impact the trajectory of Chinese public diplomacy. Intertwined through all these themes is a focus on the extent to which these could become potential flashpoints for India. This book will be a useful resource for academics and researchers working on Asian geopolitics and geo-economics, Chinese foreign policy, Chinese politics, international relations of Asia, Asian dynamics and Asian studies"--</subfield>
  </datafield>
  <datafield tag="700" ind1="1" ind2=" ">
    <subfield code="a">Sengupta, Anita, Editor</subfield>
    <subfield code="9">16415</subfield>
  </datafield>
  <datafield tag="700" ind1="1" ind2=" ">
    <subfield code="a">Singh, Priya, Editor</subfield>
    <subfield code="9">16416</subfield>
  </datafield>
  <datafield tag="942" ind1=" " ind2=" ">
    <subfield code="2">ddc</subfield>
    <subfield code="c">BK</subfield>
  </datafield>
  <datafield tag="999" ind1=" " ind2=" ">
    <subfield code="c">760745</subfield>
    <subfield code="d">760745</subfield>
  </datafield>
  <datafield tag="952" ind1=" " ind2=" ">
    <subfield code="0">0</subfield>
    <subfield code="1">0</subfield>
    <subfield code="2">ddc</subfield>
    <subfield code="4">0</subfield>
    <subfield code="7">0</subfield>
    <subfield code="a">POL</subfield>
    <subfield code="b">POL</subfield>
    <subfield code="c">GEN</subfield>
    <subfield code="d">2025-09-02</subfield>
    <subfield code="l">0</subfield>
    <subfield code="o">327.510 54 SEN/C</subfield>
    <subfield code="p">POL23825</subfield>
    <subfield code="r">2026-06-18 12:25:45</subfield>
    <subfield code="w">2026-06-18</subfield>
    <subfield code="y">BK</subfield>
  </datafield>
</record>
